书目信息 |
| 题名: |
综合布线设计与施工
|
|
| 作者: | 魏楚元 编著 | |
| 分册: | ||
| 出版信息: | 北京 机械工业出版社 2013 |
|
| 页数: | 12,198页 | |
| 开本: | 26cm | |
| 丛书名: | ||
| 单 册: | ||
| 中图分类: | TP393.033 | |
| 科图分类: | ||
| 主题词: | 计算机网络--布线--高等学校--教材 , 布线 , 计算机网络 | |
| 电子资源: | ||
| ISBN: | 978-7-111-40822-2 | |
| 000 | 01075nam0 2200265 450 | |
| 001 | 139379 | |
| 005 | 20140911144555.32 | |
| 010 | @a978-7-111-40822-2@dCNY 29.00 | |
| 100 | @a20130418d2013 em y0chiy50 ea | |
| 101 | 0 | @achi |
| 102 | @aCN@b110000 | |
| 105 | @aa z 000yy | |
| 200 | 1 | @a综合布线设计与施工@Azong he bu xian she ji yu shi gong@b专著@f魏楚元[等]编著 |
| 210 | @a北京@c机械工业出版社@d2013 | |
| 215 | @a12,198页@c图@d26cm | |
| 300 | @a高等院校计算机专业应用型规划教材·计算机网络系列/陈明主编 | |
| 304 | @a编著者还有:宋军,王东亮,李勇振,孙绪华 | |
| 330 | @a本书叙述了各种网络综合布线系统工程的设计、施工、测试、管理、验收及招投标等内容。并重点讲述了组成综合布线系统的配线子系统、干线子系统、建筑群子系统、工作区子系统、设备间子系统和管理子系统等的设计和施工,以及工程招投标、工程管理、材料设备选用、施工技术操作、质量检测等内容。 | |
| 606 | 0 | @a计算机网络@x布线@x高等学校@j教材 |
| 606 | 0 | @a布线 |
| 606 | 0 | @a计算机网络 |
| 690 | @aTP393.033@v5 | |
| 701 | 0 | @a魏楚元@Awei chu yuan@4编著 |
| 801 | 0 | @c20140911 |
| 905 | @a241430@dTP393.033@eW575 | |
| 综合布线设计与施工/魏楚元[等]编著.-北京:机械工业出版社,2013 |
| 12,198页:图;26cm |
| 高等院校计算机专业应用型规划教材·计算机网络系列/陈明主编 |
| ISBN 978-7-111-40822-2:CNY 29.00 |
| 本书叙述了各种网络综合布线系统工程的设计、施工、测试、管理、验收及招投标等内容。并重点讲述了组成综合布线系统的配线子系统、干线子系统、建筑群子系统、工作区子系统、设备间子系统和管理子系统等的设计和施工,以及工程招投标、工程管理、材料设备选用、施工技术操作、质量检测等内容。 |
| ● |
| 相关链接 |
|
|
|
正题名:综合布线设计与施工
索取号:TP393.033/W575
 
预约/预借
| 序号 | 登录号 | 条形码 | 馆藏地/架位号 | 状态 | 备注 |
| 1 | 0830382 | 208303824 | 自科库301/301自科库 120排2列5层/ [索取号:TP393.033/W575] | 在馆 | |
| 2 | 0830383 | 208303833 | 自科库301/301自科库 120排2列5层/ [索取号:TP393.033/W575] | 在馆 | |
| 3 | 0830384 | 208303842 | 自科二线400A/400A自科库 5排2列5层/ [索取号:TP393.033/W575] | 在馆 |